000 00936nam a22002537a 4500
001 50220
003 BD-RjUL
005 20211209075457.0
008 160824r20001975b ||||| |||| 00| 0 eng d
020 _a9788175220461(V.34)
020 _a 9788175220218(set).
035 _a(BD-RjUL)50340
040 _aBD-RjUL
_bben
_cBD-RjUL
041 _aben
082 _223
_a781.1
_bTAG 2000
100 1 _aঠাকুর, রবীন্দ্রনাথ
_9150529
245 1 0 _aগীতিবীথিকা /
_cরবীন্দ্রনাথ ঠাকুর
260 _aকলকাতা :
_bবিশ্বভারতী গ্রন্থবিভগ,
_c২০০০.
300 _a৭২ পৃ ;
_c২৭ সেমি.
490 _aস্বরবিতান ৩৪ সিরিজ
650 _aসঙ্গীতের মূলনীতি
_9150489
650 _aBasic Principles of Music
_9150469
942 _2ddc
_cBK
999 _c50220
_d50220